| 000 | 01056nam a2200301 a 4500 | ||
|---|---|---|---|
| 001 | 000014274 | ||
| 005 | 20200929163542.0 | ||
| 008 | 091208s1992 sp 000 f spa d | ||
| 020 | _a8433909215 | ||
| 040 |
_aDO-SdBNP _bspa _cBNPHU |
||
| 041 | 1 | 7 |
_aspa _hcat _2Código de idioma MARC |
| 082 |
_a849.954 _bP181j, 1992 |
||
| 100 | 1 |
_aPalol, Miquel de, _d1953- _932233 |
|
| 240 | 1 | 3 |
_aEl jardí dels set crepuscles. _lEspañol |
| 245 | 1 | 3 |
_aEl jardín de los siete crepúsculos / _cMiquel de Palol ; traducción de Celina Alegre y traducción de los poemas de Pere Rovira. |
| 250 | _a2a ed. | ||
| 260 |
_aBarcelona : _bAnagrama, _c1992. |
||
| 300 | _a883, [4] p. | ||
| 490 | 1 |
_aNarrativas hispánicas _v111 |
|
| 534 |
_pTítulo original en catalán: _tEl jardí dels set crepuscles _c1988 |
||
| 650 | 4 |
_aNovela catalana _919902 |
|
| 650 | 4 |
_aLiteratura catalana _ySIGLO XX _911451 |
|
| 700 | 1 |
_aAlegre, Celina, _etr. _932234 |
|
| 700 | 1 |
_aRovira, Pere, _etr. _917279 |
|
| 830 | 0 |
_aNarrativas hispánicas ; _v111 _921236 |
|
| 910 | _aWM | ||
| 049 | _aBNGR | ||
| 999 |
_c13870 _d13870 |
||